header

Construction management strategies (Record no. 187395)

MARC details
000 -LEADER
fixed length control field 01631nam a2200325 a 4500
082 04 - DEWEY DECIMAL CLASSIFICATION NUMBER
Classification number 624.068/4
100 1# - MAIN ENTRY--AUTHOR NAME
Personal name Radosavljevic, Milan.
245 10 - TITLE STATEMENT
Title Construction management strategies
260 ## - PUBLICATION, DISTRIBUTION, ETC. (IMPRINT)
Place of publication Chichester, West Sussex, U.K. :
Name of publisher Wiley-Blackwell,
Year of publication 2012.
300 ## - PHYSICAL DESCRIPTION
Number of Pages xvii, 295 p. :
Other physical details ill. (some col.)
505 0# - FORMATTED CONTENTS NOTE
Formatted contents note Introduction and background -- The built environment -- Construction concepts -- Theory of construction management -- Traditional construction -- Design build -- Management approaches -- Partnering -- Total construction service -- Implications for industry -- The future for construction management.
650 #0 - SUBJECT ADDED ENTRY--TOPICAL TERM
Topical Term Construction industry
700 1# - ADDED ENTRY--PERSONAL NAME
Personal name Bennett, John,
856 40 - ELECTRONIC LOCATION AND ACCESS
Uniform Resource Identifier http://site.ebrary.com/lib/rucke/Doc?id=10580259

No items available.

© 2026 Rongo University
Contact us: librarian | system librarian | Rongo university